000 00411nam a22001457a 4500
020 _qPB.
040 _cFIZZA ISHAQ
082 _a811.3
_bREY
100 _aReynolds , David S.
_9134022
245 _aWalt Whitman's America: A Cultural Biography /
_cDavid S. Reynolds.
250 _aillustrated, reprint
260 _aNew York:
_bVintage,
_c1995.
300 _a671 p. ;
_c8 x 5.2 x 1.5 inches
942 _2ddc
_cBK
999 _c616945
_d616945